Geography of India / (Record no. 149287)

MARC details
000 -LEADER
fixed length control field 00599nam a22001817a 4500
005 - DATE AND TIME OF LATEST TRANSACTION
control field 20180118135840.0
010 ## - LCCN (DPL NO)
LC control number ENG-122104
020 ## - INTERNATIONAL STANDARD BOOK NUMBER
International Standard Book Number 9789352606221
Terms of availability 675.00
035 ## - SYSTEM CONTROL NUMBER
System control number EN-105636
037 ## - SOURCE OF ACQUISITION
Source of stock number/acquisition DBAD/PUB
082 ## - DEWEY DECIMAL CLASSIFICATION NUMBER
Classification number 915.4
100 ## - MAIN ENTRY--PERSONAL NAME
Personal name Husain, Majid
245 ## - TITLE STATEMENT
Title Geography of India /
Statement of responsibility, etc by Majid Husain.
260 ## - PUBLICATION, DISTRIBUTION, ETC. (IMPRINT)
Place of publication, distribution, etc Tamil Nadu
Name of publisher, distributor, etc McGraw Hill Education (India)
Date of publication, distribution, etc c2017
270 ## - ADDRESS
Address 444/1, Sri Ekambara Naicker Industrial Estate, Alapakkam, Porur, Chennai-600116, Tamil Nadu, India
300 ## - PHYSICAL DESCRIPTION
Extent xxx, various pages.
Dimensions 25cm(pbk)
Other physical details ill.
942 ## - ADDED ENTRY ELEMENTS (KOHA)
Source of classification or shelving scheme Dewey Decimal Classification
Item type English Books
Classification part 915.4
Call number suffix HUS
Holdings
Withdrawn status Lost status Not for loan Collection code Home library Current library Date acquired Source of acquisition Cost, normal purchase price Full call number Barcode Copy number Cost, replacement price Koha item type
    Not For Loan Non-fiction D.B.Act.Division Sarojini Nagar 18/01/2018 DBAD/PUB 675.00 915.4 HUS EN-105636 1 675.00 English Books

© Delhi Public Library
Hit Counter
free hit counter